| 000 | 01498cam a2200301 a 4500 | ||
|---|---|---|---|
| 001 | 14964049 | ||
| 003 | BD-RjUL | ||
| 005 | 20211213095439.0 | ||
| 008 | 060327s2001 ir b 001 0 per d | ||
| 020 | _a9644356225 | ||
| 035 | _aBD-RjUL) | ||
| 040 |
_aDLC-R _beng _cDLC _dLGG _dOCLCQ _dOCLCO _dDLC |
||
| 041 | _aara | ||
| 082 | _223 | ||
| 100 | 1 |
_aنخجوانى، احمد بن الحسن.;; Nakhjavānī, Aḥmad ibn al-Ḥasan. _9155 |
|
| 245 | 1 | 0 |
_aمثنوى طريق التحقيق ;; Mas̲navī-i Ṭarīq al-taḥqīq / _cمنسوب به حکيم سناىى غزنوى ؛ احتمالا از گفتار احمد بن الحسن بن محمد نخجوانى ;; mansūb bih Ḥakīm Sanāyī Ghaznavī ; iḥtimālan az guftār-i Aḥmad ibn al-Ḥasan ibn Muḥammad Nakhjavānī ; |
| 250 | _aChāp-i 1. | ||
| 260 |
_a[Tihrān] : _bSarush, _c1381 [2001] |
||
| 300 |
_a10, 183 p. ; _c22 cm |
||
| 504 | _aIncludes bibliographical references () and indexes. | ||
| 600 | 1 | 0 |
_aSanāʼī al-Ghaznavī, Abū al-Majd Majdūd ibn Ādam, _d-approximately 1150. _tḤadīqat al-ḥaqīqah wa-sharīʻat al-ṭarīqah. _9161 |
| 600 | 1 | 0 |
_aSanāʼī al-Ghaznavī, Abū al-Majd Majdūd ibn Ādam, _d-approximately 1150 _xCriticism and interpretation. _9162 |
| 650 | 0 |
_aSufi poetry, Persian _xHistory and criticism. _9158 |
|
| 700 | 1 |
_aUtas, Bo, _d1938- _9163 |
|
| 700 | 1 |
_aMuʼaz̲z̲inī, ʻAlī Muḥammad. _9164 |
|
| 942 |
_2ddc _cBK |
||
| 999 |
_c78989 _d78989 |
||